<?xml version="1.0" encoding="UTF-8"?>
<collection xmlns="http://www.loc.gov/MARC21/slim">
 <record>
  <leader>01002nmm a2200217   4500</leader>
  <controlfield tag="001">1/28445</controlfield>
  <controlfield tag="008">050920s1998    enk        ma       eng d</controlfield>
  <datafield tag="020" ind1=" " ind2=" ">
   <subfield code="a">9041110704</subfield>
  </datafield>
  <datafield tag="035" ind1=" " ind2=" ">
   <subfield code="l">30349</subfield>
  </datafield>
  <datafield tag="082" ind1="0" ind2="0">
   <subfield code="a">CD - ROM 343.096 GLO</subfield>
  </datafield>
  <datafield tag="090" ind1=" " ind2=" ">
   <subfield code="a">343.096 GLO</subfield>
  </datafield>
  <datafield tag="245" ind1="0" ind2="0">
   <subfield code="a">Global electronic database of multilateral marine treaties and agrrements</subfield>
   <subfield code="h">[computer file] /</subfield>
   <subfield code="c">Richard Herr...[et.al.]</subfield>
  </datafield>
  <datafield tag="260" ind1="0" ind2=" ">
   <subfield code="a">Deventer, The Netherlands :</subfield>
   <subfield code="b">Kluwer Law International,</subfield>
   <subfield code="c">1998</subfield>
  </datafield>
  <datafield tag="300" ind1=" " ind2=" ">
   <subfield code="a">1 computer optical disc :</subfield>
   <subfield code="b">sd., col. ;</subfield>
   <subfield code="c">4 3/4 in.</subfield>
  </datafield>
  <datafield tag="538" ind1=" " ind2=" ">
   <subfield code="a">System requirements for IBM compatible PC: IBM PC 388; Pentium processor; PS/2 or 100% compatible VGA or EGA monitor; 8MB RAM; Harddisk with at least 4MB free; Windows version 3.11 or higher; CD - ROM drive with MSCDEX or equivalent.</subfield>
  </datafield>
  <datafield tag="650" ind1=" " ind2="4">
   <subfield code="a">Maritime law.</subfield>
  </datafield>
  <datafield tag="650" ind1=" " ind2="4">
   <subfield code="a">Treaties</subfield>
   <subfield code="x">Databases.</subfield>
  </datafield>
  <datafield tag="650" ind1=" " ind2="4">
   <subfield code="a">Maritime law</subfield>
   <subfield code="x">Databases.</subfield>
  </datafield>
  <datafield tag="650" ind1=" " ind2="4">
   <subfield code="a">CD-ROMs.</subfield>
  </datafield>
  <datafield tag="700" ind1="1" ind2=" ">
   <subfield code="a">Herr, Richard A.</subfield>
  </datafield>
  <datafield tag="852" ind1=" " ind2=" ">
   <subfield code="a">INST</subfield>
   <subfield code="b">UNIPILB</subfield>
   <subfield code="c">MMEDIA</subfield>
   <subfield code="e">20050920</subfield>
   <subfield code="h">343.096 GLO</subfield>
   <subfield code="p">00147710</subfield>
   <subfield code="q">00147710</subfield>
   <subfield code="t">NOLOAN</subfield>
   <subfield code="y">23</subfield>
   <subfield code="4">1</subfield>
  </datafield>
 </record>
</collection>
